विद्यापति / (Record no. 430516)

MARC details
000 -LEADER
fixed length control field 01218nam a2200361 a 4500
001 - CONTROL NUMBER
control field vtls001130007
003 - CONTROL NUMBER IDENTIFIER
control field NLI
005 - DATE AND TIME OF LATEST TRANSACTION
control field 20210603133750.0
008 - FIXED-LENGTH DATA ELEMENTS--GENERAL INFORMATION
fixed length control field 120325s1970 ii 000 p hin
020 ## - INTERNATIONAL STANDARD BOOK NUMBER
Terms of availability Rs.12.50
039 #9 - LEVEL OF BIBLIOGRAPHIC CONTROL AND CODING DETAIL [OBSOLETE]
-- 201203251747
-- VLOAD
040 ## - CATALOGING SOURCE
Original cataloging agency NLI
Language of cataloging hineng
Transcribing agency Datasoft_Hindi
Description conventions AACR2
041 0# - LANGUAGE CODE
Language code of text/sound track or separate title hin
044 ## - COUNTRY OF PUBLISHING/PRODUCING ENTITY CODE
MARC country code ii
082 04 - DEWEY DECIMAL CLASSIFICATION NUMBER
Classification number 891.4314
100 1# - MAIN ENTRY--PERSONAL NAME
Linkage 880-01
Personal name सिंह¸ शिवप्रसाद
245 10 - TITLE STATEMENT
Linkage 880-02
Title विद्यापति /
Statement of responsibility, etc. शिवप्रसाद सिंह
250 ## - EDITION STATEMENT
Edition statement 4th rev. and enl. ed.
260 ## - PUBLICATION, DISTRIBUTION, ETC.
Place of publication, distribution, etc. इलाहाबाद :
Name of publisher, distributor, etc. लोकभारती प्रकाशन,
Date of publication, distribution, etc. 1970
300 ## - PHYSICAL DESCRIPTION
Extent 300 p. ;
Dimensions 22 cm.
500 ## - GENERAL NOTE
General note प्रथम प्रकाशन 1957 में
504 ## - BIBLIOGRAPHY, ETC. NOTE
Bibliography, etc. note Bibliography : p. 299-300
600 00 - SUBJECT ADDED ENTRY--PERSONAL NAME
Personal name Vidyapati
General subdivision Criticism and interpretation
9 (RLIN) 198840
650 #0 - SUBJECT ADDED ENTRY--TOPICAL TERM
Topical term or geographic name entry element Hindi Poetry
650 #0 - SUBJECT ADDED ENTRY--TOPICAL TERM
Topical term or geographic name entry element Poets, Hindi
9 (RLIN) 198501
880 10 - ALTERNATE GRAPHIC REPRESENTATION
Linkage 245-02(B
a Vidyāpati /
c Śivaprasād Siṁha
880 1# - ALTERNATE GRAPHIC REPRESENTATION
-- 00-01(B
a Siṁha, Śivaprasād
887 ## - NON-MARC INFORMATION FIELD
Content of non-MARC field
901 ## - LOCAL DATA ELEMENT A, LDA (RLIN)
a 50300
b 14.11.86
902 ## - LOCAL DATA ELEMENT B, LDB (RLIN)
a H 891.4314 Vi 491 zsd
942 ## - ADDED ENTRY ELEMENTS (KOHA)
Source of classification or shelving scheme Dewey Decimal Classification
Koha item type Books
949 ## - LOCAL PROCESSING INFORMATION (OCLC)
-- VIRTUAITEM
-- 10000
-- 100
6 HIN000050300HIN
Holdings
Withdrawn status Lost status Damaged status Not for loan Collection code Home library Current library Shelving location Date acquired Total Checkouts Full call number Barcode Date last seen Price effective from Koha item type
        Hindi National Library of India National Library of India Hindi - Book - Main Stack Division     H 891.4314 Vi 491 zsd HIN000050300HIN 03/06/2021 03/06/2021 Books
                                                                           
web counter

Copyright ©2020 The National Library of India, Govt. of India ↔ Hosted by NVLI, MOC ↔ Technology and Design by National Library of India, Ministry of Culture, Govt. of India